Brother Lion : (Record no. 17997)
[ view plain ]
| 000 -LEADER | |
|---|---|
| fixed length control field | 01018cam a2200289Ia 4500 |
| 001 - CONTROL NUMBER | |
| control field | brotherlionwords00prah |
| 003 - CONTROL NUMBER IDENTIFIER | |
| control field | CaSfIA |
| 005 - DATE AND TIME OF LATEST TRANSACTION | |
| control field | 20230525154749.0 |
| 007 - PHYSICAL DESCRIPTION FIXED FIELD--GENERAL INFORMATION | |
| fixed length control field | cr|||| |
| 008 - FIXED-LENGTH DATA ELEMENTS--GENERAL INFORMATION | |
| fixed length control field | 890927s1987 njua 000 0 eng d |
| 040 ## - CATALOGING SOURCE | |
| Original cataloging agency | PLF |
| Transcribing agency | PLF |
| Modifying agency | OCLCQ |
| -- | CaSfIA |
| 020 ## - INTERNATIONAL STANDARD BOOK NUMBER | |
| International Standard Book Number | 0874181607 : |
| Terms of availability | $10.00 |
| 020 ## - INTERNATIONAL STANDARD BOOK NUMBER | |
| International Standard Book Number | 9780874181609 |
| 035 ## - SYSTEM CONTROL NUMBER | |
| System control number | (OCoLC)20401170 |
| 092 ## - LOCALLY ASSIGNED DEWEY CALL NUMBER (OCLC) | |
| Classification number | 133.93 |
| Item number | P884b |
| 100 0# - MAIN ENTRY--PERSONAL NAME | |
| Personal name | Prahsingh (Spirit) |
| 245 10 - TITLE STATEMENT | |
| Title | Brother Lion : |
| Medium | [electronic resource] |
| Remainder of title | words of inspiration from a spirit guide / |
| Statement of responsibility, etc. | by Jeanne H. Livingston. |
| 260 ## - PUBLICATION, DISTRIBUTION, ETC. | |
| Place of publication, distribution, etc. | Farmingdale, N.J. : |
| Name of publisher, distributor, etc. | Coleman Pub., |
| Date of publication, distribution, etc. | 1987. |
| 300 ## - PHYSICAL DESCRIPTION | |
| Extent | 99 p. : |
| Other physical details | ill. |
| 650 #0 - SUBJECT ADDED ENTRY--TOPICAL TERM | |
| Topical term or geographic name entry element | Spiritualism. |
| 650 #0 - SUBJECT ADDED ENTRY--TOPICAL TERM | |
| Topical term or geographic name entry element | Mediums. |
| 650 #0 - SUBJECT ADDED ENTRY--TOPICAL TERM | |
| Topical term or geographic name entry element | Channeling (Spiritualism) |
| 600 00 - SUBJECT ADDED ENTRY--PERSONAL NAME | |
| Personal name | Prahsingh (Spirit) |
| 700 1# - ADDED ENTRY--PERSONAL NAME | |
| Personal name | Livingston, Jeanne H. |
| 856 41 - ELECTRONIC LOCATION AND ACCESS | |
| Uniform Resource Identifier | <a href="http://www.archive.org/details/brotherlionwords00prah">http://www.archive.org/details/brotherlionwords00prah</a> |
| Public note | Free eBook from the Internet Archive |
| 856 42 - ELECTRONIC LOCATION AND ACCESS | |
| Uniform Resource Identifier | <a href="http://www.openlibrary.org/books/OL24202368M">http://www.openlibrary.org/books/OL24202368M</a> |
| Public note | Additional information and access via Open Library |
| Withdrawn status | Lost status | Damaged status | Not for loan | Collection | Home library | Current library | Date acquired | Total Checkouts | Date last seen | Price effective from | Koha item type |
|---|---|---|---|---|---|---|---|---|---|---|---|
| Project Gutenberg | Main Library | Main Library | 05/25/2023 | 05/25/2023 | 05/25/2023 | EBooks |